On This Day: November 19th II Quiz Stats

 Plays Quiz Updated Jul 8, 2019

Score 0/7 Timer 03:00
0 Plays Today
Question Answer Wrong Answers
Edson Arantes do Nascimento, better known as ______, scores his 1,000th goal.
1969
Pelé
92.9%
Ronaldinho
2.6%
Neymar
2.2%
Romário
1.5%
Based on a book by Ken Kesey, this film starring Jack Nicholson is released. It eventually wins an Oscar for Best Picture.
1975
One Flew Over the Cuckoo's Nest
88%
Midnight Cowboy
1.4%
Five Easy Pieces
1.6%
The Shining
8%
Nintendo releases this home video game console, which features a controller with motion sensing capability.
2006
Wii
83.3%
GameCube
3.4%
Nintendo 64
10.6%
Dreamcast
1.3%
After being ousted as the leader of the ruling ZANU-PF party, this Zimbabwe president refuses to resign in a nationally televised speech.
2017
Robert Mugabe
81.2%
Jacob Zuma
6.2%
Milton Obote
3.3%
Mobutu Sese Seko
7.7%
Soviet forces turn the tide in the Battle of ______, one of the largest confrontations of World War II, after launching the Operation Uranus counter-attacks.
1942
Stalingrad
76.7%
Berlin
5.3%
Britain
5%
Midway
12.8%
Apollo 12 astronauts Pete Conrad and Alan Bean land at Oceanus Procellarum, and become the ______ humans to walk on the Moon.
1969
3rd and 4th
73.7%
4th and 5th
12.6%
5th and 6th
8.2%
6th and 7th
4.9%
The American politician, the 20th President of the United States, is born. He is ultimately assassinated mere months into his first term.
1831
James A. Garfield
60.4%
William McKinley
31.5%
Grover Cleveland
4%
Rutherford B. Hayes
4%

You're not logged in!

Compare scores with friends on all Sporcle quizzes.
OR
Log In

Sporcle TV

Today on Sporcle TV


Watch our educational content, quiz creation guides, and fun videos on Sporcle TV.

Show Comments

Extras

Top Quizzes Today


Score Distribution

Your Account Isn't Verified!

In order to create a playlist on Sporcle, you need to verify the email address you used during registration. Go to your Sporcle Settings to finish the process.

Report this User

Report this user for behavior that violates our Community Guidelines.

Details: